Geography Quiz

Random Geography or World Quiz

Capitals by Country Quiz Stats

Quiz Updated Jul 13, 2016

Challenge
Share
Tweet
Embed
Score 0/197 Timer 20:00
1 Play Today
Country Capital % Correct
AustriaVienna
89.9%
AustraliaCanberra
89.4%
FranceParis
89.3%
BelgiumBrussels
89%
GermanyBerlin
88.7%
EgyptCairo
88.6%
AfghanistanKabul
88.5%
ItalyRome
88.4%
GreeceAthens
88.2%
ChinaBeijing
88%
JapanTokyo
88%
ArgentinaBuenos Aires
87.7%
BrazilBrasilia
87.3%
IrelandDublin
87%
CanadaOttawa
86.7%
MexicoMexico City
86.4%
DenmarkCopenhagen
85.1%
RussiaMoscow
85.1%
CubaHavana
85%
FinlandHelsinki
84.7%
NorwayOslo
84.4%
IsraelJerusalem
84%
IndiaNew Delhi
83.9%
SpainMadrid
83.9%
NetherlandsAmsterdam
83.8%
PortugalLisbon
83.3%
United States of AmericaWashington, D.C.
83%
CzechiaPrague
82.9%
United KingdomLondon
82.7%
PolandWarsaw
82.6%
AlgeriaAlgiers
82.6%
HungaryBudapest
82.1%
IraqBaghdad
81.8%
LuxembourgLuxembourg
81.6%
ChileSantiago
81.3%
MonacoMonaco
81.2%
South KoreaSeoul
81%
JamaicaKingston
80.8%
IranTehran
80%
Vatican CityVatican City
79.7%
PeruLima
79.7%
SwedenStockholm
79.6%
SwitzerlandBern
79.6%
PanamaPanama City
79.5%
BulgariaSofia
79.5%
New ZealandWellington
78.5%
BelarusMinsk
77.7%
SingaporeSingapore
77.5%
El SalvadorSan Salvador
77.5%
South AfricaPretoria
77.5%
TurkeyAnkara
76.7%
KenyaNairobi
76.6%
KuwaitKuwait City
76.5%
IndonesiaJakarta
76.5%
ColombiaBogotá
76.4%
IcelandReykjavik
76.3%
ThailandBangkok
76.2%
UkraineKyiv
76.2%
BoliviaLa Paz
76%
San MarinoSan Marino
75.8%
PhilippinesManila
74.8%
HaitiPort-au-Prince
74.6%
Bosnia and HerzegovinaSarajevo
74.4%
EcuadorQuito
74.1%
North KoreaPyongyang
73.7%
RomaniaBucharest
73.7%
Country Capital % Correct
AndorraAndorra la Vella
73.6%
PakistanIslamabad
73.1%
CroatiaZagreb
73.1%
LatviaRiga
73%
TunisiaTunis
72.7%
GuatemalaGuatemala City
72.6%
AlbaniaTirana
72.1%
DjiboutiDjibouti
72.1%
LibyaTripoli
71.4%
LebanonBeirut
70.7%
SyriaDamascus
70.4%
TaiwanTaipei
70.4%
EstoniaTallinn
69.8%
BahamasNassau
69.6%
VietnamHanoi
69.5%
MalaysiaKuala Lumpur
69.4%
VenezuelaCaracas
69.2%
CyprusNicosia
69.1%
EthiopiaAddis Ababa
69%
NepalKathmandu
67.9%
JordanAmman
67.8%
UruguayMontevideo
67.5%
MoroccoRabat
66.6%
Saudi ArabiaRiyadh
66.4%
BangladeshDhaka
66.1%
AzerbaijanBaku
65.6%
Costa RicaSan Jose
65.5%
MongoliaUlaanbaatar
64.8%
United Arab EmiratesAbu Dhabi
64.7%
LiechtensteinVaduz
64.3%
LithuaniaVilnius
64.1%
SlovakiaBratislava
63.7%
SerbiaBelgrade
63%
CambodiaPhnom Penh
62.8%
Dominican RepublicSanto Domingo
61.7%
ParaguayAsunción
61.4%
MaltaValletta
61.2%
NicaraguaManagua
59.6%
SomaliaMogadishu
59.4%
GeorgiaTbilisi
59.2%
GhanaAccra
58.9%
Guinea-BissauBissau
58.9%
BelizeBelmopan
58.8%
QatarDoha
58.5%
ArmeniaYerevan
58.5%
Sao Tome and PrincipeSão Tomé
58.1%
MaldivesMale
56.8%
OmanMuscat
56.4%
Democratic Republic of the CongoKinshasa
56.4%
GuyanaGeorgetown
56.3%
KazakhstanAstana
56.2%
KosovoPristina
56.1%
SenegalDakar
56.1%
Sri LankaSri Jayawardenepura Kotte
56%
AngolaLuanda
55.9%
SloveniaLjubljana
55.8%
Republic of MacedoniaSkopje
55.7%
LiberiaMonrovia
55.6%
SudanKhartoum
55.1%
Sierra LeoneFreetown
54.9%
HondurasTegucigalpa
54.6%
BarbadosBridgetown
54.1%
MoldovaChisinau
53.9%
ZimbabweHarare
52.5%
YemenSana'a
52%
Antigua and BarbudaSt. John's
52%
Country Capital % Correct
LaosVientiane
51.8%
NamibiaWindhoek
51.6%
FijiSuva
51.5%
BahrainManama
51.5%
MadagascarAntananarivo
51.4%
KyrgyzstanBishkek
51.1%
NigeriaAbuja
50.8%
Republic of the CongoBrazzaville
50.8%
MontenegroPodgorica
50.4%
Papua New GuineaPort Moresby
50.4%
Trinidad and TobagoPort of Spain
50%
BhutanThimphu
48.7%
Burkina FasoOuagadougou
48.4%
RwandaKigali
47.5%
SeychellesVictoria
47.2%
South SudanJuba
47.2%
UzbekistanTashkent
47.1%
Timor-LesteDili
46.9%
SurinameParamaribo
46.9%
UgandaKampala
46.6%
BotswanaGaborone
46.4%
CameroonYaounde
46.3%
TanzaniaDodoma
46.3%
PalestineRamallah
45.9%
DominicaRoseau
45.8%
BruneiBandar Seri Begawan
45.3%
ChadN'Djamena
44.8%
GrenadaSt. George's
44.8%
EritreaAsmara
44.5%
BeninPorto Novo
44%
Cabo VerdePraia
43.9%
GuineaConakry
43.9%
Central African RepublicBangui
43.4%
MozambiqueMaputo
43.2%
BurundiBujumbura
42.9%
NigerNiamey
42.2%
GabonLibreville
42%
MaliBamako
41.9%
SamoaApia
41.8%
TogoLomé
41.7%
ComorosMoroni
41.7%
MalawiLilongwe
41.3%
MauritiusPort Louis
41%
St. LuciaCastries
40.9%
TurkmenistanAshgabat
40.8%
St. Vincent and the GrenadinesKingstown
40.7%
TajikistanDushanbe
40.6%
ZambiaLusaka
39.7%
Cote d'IvoireYamoussoukro
39.7%
LesothoMaseru
38.5%
St. Kitts and NevisBasseterre
38.4%
SwazilandMbabane
38%
MyanmarNaypyidaw
37.5%
Equatorial GuineaMalabo
37.3%
The GambiaBanjul
36.5%
MauritaniaNouakchott
36.3%
TuvaluFunafuti
34.9%
NauruYaren
34.1%
MicronesiaPalikir
33.8%
Solomon IslandsHoniara
33.8%
VanuatuPort Vila
33.7%
Marshall IslandsMajuro
33.6%
KiribatiTarawa
33.5%
TongaNuku'alofa
32.1%
PalauNgerulmud
30.8%

You're not logged in!

Compare scores with friends on all Sporcle quizzes.
Sign Up with Email
OR
Log In

You Might Also Like...

Show Comments

Extras

Top Quizzes Today


Score Distribution

Your Account Isn't Verified!

In order to create a playlist on Sporcle, you need to verify the email address you used during registration. Go to your Sporcle Settings to finish the process.